000
00241nam a2200097Ia 4500
008
220204s9999 xx 000 0 und d
082
_a
82-36
_b
CLA.27
245
2
_a
A Treasury of Indian illustrated classics. V 27
260
_b
IBH
942
_c
BK
999
_c
37604
_d
37604